000 00312nam a2200133Ia 4500
008 240624s9999 xx 000 0 und d
041 _aeng
082 _a891.46 PAT
100 _aPATIL VISHWAS
245 _aPANIPAT
260 _c2007
_aPune
_bRajhans Prakashan
300 _a553 : p. : cm. ; 21
365 _cRS
_b20
999 _c6917
_d6917